000
00273nam a22001337a 4500
008
170324b xxu||||| |||| 00| 0 eng d
020
_a
9781590846391
041
_a
eng
080
_a
615.83
100
_a
8
101
_a
SHM
245
_a
FIELD
_c
SALIBA.S
942
_2
udc
_c
BK
999
_c
8547
_d
8547